000 00949nam a22002897a 4500
003 CHAP
005 20220329133749.0
008 971013s1977 r 00010 d
010 _a10526
011 _a11498
035 _a10736
040 _cCHAP
082 _a338.9
_bD35
100 0 0 _aDams, Theodor
_eed
_931011
245 _aDecision making and agriculture
_b: papers and reports (of the) sixteenth Internal Conference of Agricultural Economists...
260 _aLoncoln :
_bUniversity of Nebraska,
_c1977
300 _a603 p
590 _aBATCH-UPD
_b10
_c20130110
_lUCH01
_h1902
590 _aBATCH-UPD
_b10
_c20130410
_lUCH01
_h1230
590 _aBATCH-UPD
_b10
_c20130914
_lUCH01
_h1139
590 _aCONVERSION
_b10
_c20130109
_lUCH01
_h1307
650 1 4 _aPolítica agrícola.
_990283
650 1 4 _aToma de decisiones.
_9113662
901 _aBK
942 _cLIBRO
949 _a338.9 D35
_bBC
_cLIBRO
_d33724000417861
_eLIBRO
_h48915
_i10736
_mD
_si
999 _c10526
_d10526